000 00262nam a2200109Ia 4500
008 220204s9999 xx 000 0 und d
082 _a651
_bBAI
100 _aBailey, P
245 0 _aMastering office practice
260 _aHong Kong
_bMamillan
_c1982
942 _cBK
999 _c37817
_d37817